Pharmacological Classification of Drugs (Record no. 13805)

MARC details
000 -LEADER
fixed length control field 00402nam a22001697a 4500
003 - CONTROL NUMBER IDENTIFIER
control field OSt
008 - FIXED-LENGTH DATA ELEMENTS--GENERAL INFORMATION
fixed length control field 260209b |||||||| |||| 00| 0 eng d
020 ## - INTERNATIONAL STANDARD BOOK NUMBER
International Standard Book Number 9789366165592
082 ## - DEWEY DECIMAL CLASSIFICATION NUMBER
Classification number 615.8 TRP
100 ## - MAIN ENTRY--PERSONAL NAME
Personal name Tripathi, K.D
245 ## - TITLE STATEMENT
Title Pharmacological Classification of Drugs
250 ## - EDITION STATEMENT
Edition statement 7th
260 ## - PUBLICATION, DISTRIBUTION, ETC. (IMPRINT)
Place of publication, distribution, etc N.Delhi
Name of publisher, distributor, etc Jaypee
Date of publication, distribution, etc 2025
300 ## - PHYSICAL DESCRIPTION
Extent xii,262
650 ## - SUBJECT ADDED ENTRY--TOPICAL TERM
Topical term or geographic name as entry element Pharmacology
942 ## - ADDED ENTRY ELEMENTS (KOHA)
Source of classification or shelving scheme Dewey Decimal Classification
Koha item type Text Books
Holdings
Withdrawn status Lost status Source of classification or shelving scheme Damaged status Not for loan Collection code Home library Current library Date acquired Source of acquisition Currency Cost, normal purchase price Bill Number Total Checkouts Full call number Acc. no. / Barcode Date last seen Actual Cost, discounted price Bill Date Koha item type Date last borrowed
    Dewey Decimal Classification     B.Pharma PIET C-LIBRARY PIET C-LIBRARY 05/02/2026 Zafaa Books Distributres Indian Rup 425.00 ZBDO422   615.8 TRP BP2936 09/02/2026 306.00 04/02/2026 Reference Books  
    Dewey Decimal Classification     B.Pharma PIET C-LIBRARY PIET C-LIBRARY 05/02/2026 Zafaa Books Distributres Indian Rup 425.00 ZBDO422 1 615.8 TRP BP2937 12/03/2026 306.00 04/02/2026 Text Books 25/02/2026
    Dewey Decimal Classification     B.Pharma PIET C-LIBRARY PIET C-LIBRARY 05/02/2026 Zafaa Books Distributres Indian Rup 425.00 ZBDO422 1 615.8 TRP BP2938 11/03/2026 306.00 04/02/2026 Text Books 16/02/2026
    Dewey Decimal Classification     B.Pharma PIET C-LIBRARY PIET C-LIBRARY 05/02/2026 Zafaa Books Distributres Indian Rup 425.00 ZBDO422 1 615.8 TRP BP2939 25/02/2026 306.00 04/02/2026 Text Books 12/02/2026

Design & Developed by: PIET Central Library
R70 Miles Stone Pattikalyana Samalkha Panipat 132102
mail ID :- [email protected], Phone No:- 0180-2569700 Ex.216